[Event "Dortmund2"]
[Site "Dortmund"]
[Date "2006.05.10"]
[Round "5"]
[White "Skoecz, Stefan"]
[Black "Demmert, Oliver"]
[Result "1-0"]
[WhiteElo "1231"]
[BlackElo "1056"]
[PlyCount "63"]
[EventDate "2006.04.25"]
[EventType "tourn"]
[EventRounds "11"]
[EventCountry "GER"]
[SourceTitle "EXT 2007"]
[Source "ChessBase"]
[SourceDate "2006.11.23"]
[SourceVersion "1"]
[SourceVersionDate "2006.11.23"]
[SourceQuality "1"]

1. g3 e5 2. Bg2 Nf6 3. e4 d5 4. exd5 Nxd5 5. d4 c6 6. dxe5 Be6 7. Bd2 Nd7 8. f4 Bc5 9. Nc3 N7b6 10. Nxd5 Bxd5 11. Bxd5 Nxd5 12. Qg4 0-0 13. 0-0-0 Ne3 14. Bxe3 Bxe3+ 15. Kb1 Qxd1+ 16. Qxd1 Rad8 17. Qf3 Rd2 18. a3 Bb6 19. Nh3 h6 20. Rd1 Rxh2 21. g4 Re8 22. Rd7 Rd8 23. Rxd8+ Bxd8 24. Qb3 Kf8 25. Qg3 Rh1+ 26. Ka2 Bb6 27. Nf2 Rc1 28. Qd3 Rg1 29. f5 Ke8 30. e6 fxe6 31. fxe6 Ke7 32. Qd7+ 1-0

[Event "Dortmund2"]
[Site "Dortmund"]
[Date "2006.04.25"]
[Round "1"]
[White "Hansen, Jochen"]
[Black "Demmert, Oliver"]
[Result "1/2-1/2"]
[WhiteElo "1232"]
[BlackElo "1056"]
[PlyCount "48"]
[EventDate "2006.04.25"]
[EventType "tourn"]
[EventRounds "11"]
[EventCountry "GER"]
[SourceTitle "EXT 2007"]
[Source "ChessBase"]
[SourceDate "2006.11.23"]
[SourceVersion "1"]
[SourceVersionDate "2006.11.23"]
[SourceQuality "1"]

1. e4 c6 2. Nf3 d5 3. exd5 cxd5 4. d4 Bg4 5. Bb5+ Nc6 6. 0-0 e6 7. Bf4 Nf6 8. Qd3 Bxf3 9. Qxf3 Bd6 10. Bg5 0-0 11. Bxf6 Qxf6 12. Qxf6 gxf6 13. c3 e5 14. Nd2 a6 15. dxe5 fxe5 16. Ba4 e4 17. Bb3 Ne7 18. Rad1 Rad8 19. c4 Bc5 20. cxd5 e3 21. fxe3 Nxd5 22. Bxd5 Bxe3+ 23. Kh1 Rxd5 24. Ne4 Rxd1 1/2-1/2